Statistics for Top 10 Detroit Tigers of All-Time

Click here to take the quiz!

General Stats

  • This quiz has been taken 1,236 times
    (805 since last reset)
  • The average score is 5 of 11

Answer Stats

WARYearsPositionAnswer% Correct
57.92005-2017PJustin Verlander
92%
143.41905-1926OFTy Cobb
88%
88.91953-1974OFAl Kaline
68%
63.71977-1996SSAlan Trammell
68%
68.11977-19952BLou Whitaker
61%
57.91930-19461BHank Greenberg
49%
78.61924-19422BCharlie Gehringer
29%
61.41963-1975PMickey Lolich
28%
60.41939-1953PHal Newhouser
24%
60.11903-1917OFSam Crawford
17%
64.41914-1929OFHarry Heilmann
13%

Score Distribution

Percentile by Number Answered

Percent of People with Each Score

Your Score History

You have not taken this quiz since the last reset